00000000nam##2200000za#4500
0019.569461
003CaOODSP
00520210624181759
007cr |||||||||||
008150406|2003||||xxc|||||o    f|0| 0 eng|d
040 |aCaOODSP|beng
043 |an-cn---
0861 |aNH18-1/54-1-2003E-PDF
1102 |aCanada Mortgage and Housing Corporation.
24510|aIndoor particulate and floor cleaning / |h[electronic resource]|cprepared by Bowser Technical Inc. ; principal investigators, Dara Bowser and Sandra Vos.
260 |aOttawa - Ontario : |bCanada Mortgage and Housing Corporation |c2003.
300 |a31p.|bfigs., references, tables
4901 |aResearch report
500 |aFor Appendices, see NH18-1/54-1-2003E-PDF.
590 |a11-05-Supp|b2011-03-15
7201 |aBowser, Dara
7201 |aVos, Sandra
830#0|aResearch report (Canada Mortgage and Housing Corporation : Online)|w(CaOODSP)9.506068
85640|ahttp://publications.gc.ca|qPDF|s1.7 MB|uhttps://publications.gc.ca/collections/collection_2011/schl-cmhc/nh18-1/NH18-1-54-1-2003-eng.pdf